000 00554nam a22001817a 4500
003 BD-DhUL
005 20171228153618.0
008 170320s1974 le ||||| |||| 00| 0 a d
040 _aBD-DhUL
_cBD-DhUL
082 _a297.2
_bAHM
100 0 _aاحمد بن حنبال
245 1 0 _aمسند الامام احمد بن حنبال :
_cاحمد بن حنبال
_bجلد ۵ /
260 _aبیروت :
_bالمکبب الاسلامي،
_c۱۹۷۴۔
300 _aجلد ۵ ؛
_c۲۸ سم۔
365 _aBDT
_b500
650 0 _aIslam
942 _2ddc
_cBK
999 _c179797
_d179797